000 00458nam a2200157 i 4500
001 57498
003 ES-MaACL
005 20230906163605.0
007 t|
008 031016s1960 sp ||||1| spa d
100 1 _aDolado Gonzalo, Juan José.
_945007
245 1 0 _aPrimeras materias /
_cJuan José Dolado Gonzalo.
260 _aZaragoza :
_b[s.n.,
_c1960] (
_fLibrería General)
300 _a428 p. :
_bil. ;
_c22 cm.
852 _aES-MaACL
_jD-9299
_bR.47824
999 _c57498
_d57498